Word Ladder: O, Christmas Woody Perennial Plant Quiz Stats

Quiz Updated Dec 22, 2014

Challenge
Share
Tweet
Embed
Score 0/48 Timer 05:00
0 Plays Today
Hint 4-Letter Word % Correct
December 24th and 31stEVES
94.5%
Bend arm to show off bicepFLEX
94%
Eighth of a gallonPINT
90.9%
❅ Not deciduous, but ____green ❅❅EVER❅
90.6%
One of 206 in skeletal systemBONE
90.4%
Rodriguez, Trebek, Lifeson, or HaleyALEX
90.2%
❅ Common conifer type ❅❅PINE❅
89.9%
Prepare suitcase for travelPACK
89.3%
Beverages brewed from malted barley ALES
89.1%
To have posted a letterSENT
87.6%
Five prefix (e.g., -agon, -agram, -atonic)PENT
86.9%
Chess castleROOK
86.8%
Of igneous, sedimentary, or metamorphic typeROCK
86.1%
Biological class of birdsAVES
85.4%
Of kidney, lima, or navy varietyBEAN
85.2%
Place ammunition in firearmLOAD
84.7%
Pustule mark or scar in skinPOCK
83%
Having no superfluous fatLEAN
82.4%
Unleavened cornbreadPONE
82.1%
❅ Fruit of RUNG 19 ❅❅CONE❅
82%
Athletic personJOCK
81.4%
Chimney ductFLUE
81%
Deity or masterLORD
80.3%
Breakfast in bed serving implementTRAY
79.8%
Hint 4-Letter Word % Correct
Substance used to help solder metalsFLUX
79.2%
11th US president JamesPOLK
79%
Sentence partWORD
77.9%
❅ Colorado ____ Spruce (Picea pungens) ❅❅BLUE❅
77.1%
Donkey vocalizationBRAY
77.1%
❅ ____ [RUNG 19] (Pinus banksiana) ❅❅JACK❅
76.1%
Hard outer layer of cereal grainBRAN
74.7%
Shell-less gastropodSLUG
74.6%
To make unclear or less distinctBLUR
74%
Venetian blind componentSLAT
73.9%
National Liberation Front (with Viet)CONG
73.7%
Slanderous insinuationSLUR
72.1%
Spanish automakerSEAT
71.3%
Waste from smelting oreSLAG
69.9%
❅ Coast Red____ (Sequoia sempervirens) ❅❅WOOD❅
65.6%
Three point shotTREY
64.8%
Large crucifixROOD
64.6%
❅ Woody perennial plant ❅❅TREE❅
63.9%
To slack on the jobLOAF
63.8%
John Reid's Ranger statusLONE
60.5%
❅ [RUNG 23]____ [RUNG 19] (Pinus palustris) ❅❅LEAF❅
58.8%
❅ ____[RUNG 41] [RUNG 19] (Pinus palustris) ❅❅LONG❅
54.5%
❅ Lodge____ [RUNG 19] (Pinus contorta) ❅❅POLE❅
51.9%
Reddish brown color (terra rosa)BOLE
50.6%

Today's Daily Dose

You're not logged in!

Compare scores with friends on all Sporcle quizzes.
Join for Free
OR
Log In

You Might Also Like...

Show Comments

Extras

Top Quizzes Today


Score Distribution

Your Account Isn't Verified!

In order to create a playlist on Sporcle, you need to verify the email address you used during registration. Go to your Sporcle Settings to finish the process.

Report this User

Report this user for behavior that violates our Community Guidelines.

Details: